|
|
แสดงรายละเอียดบรรณานุกรม |
|
|
Brief Record
: Get Marc (ISO 2709)
: E-mail record
: |
|
|
| LEADER 00000nama 2200000uu 4500 | |||
| 001 200339 | |||
| 003 ULIBM | |||
| 008 040531s2552 th m m a000 0 tha d | |||
| 020 978-974-770-740-3 | |||
| 041 tha | |||
| 050 VCD 000107 | |||
| 100 อัมพรพรรณ ธีรานุตร. | |||
| 245 วีซีดี คู่มือการดูแลผู้ป่วยเรื้อรังที่บ้าน/อัมพรพรรณ ธีรานุตร...[และคนอื่นๆ]. | |||
| 260 ภาควิชาการพยาบาลอายุรศาสตร์และศัลยศาสตร์ คณะพยาบาลศาสตร์ มหาวิทยาลัยขอนแก่น. ขอนแก่น. 2552 | |||
| 300 5 แผ่น. | |||
| 500 ^aแผ่น VCD. | |||
| 600 I.อัมพรพรรณ ธีรานุตร. | |||
| 650 1.โรคเรื้อรัง--การพยาบาล 2.โรคเรื้อรัง--ผู้ป่วย--การดูแล. | |||
| 995 200 | |||
| 999 ^aใช้งานได้ทุกระบบ | |||
| คุณยังไม่ได้ล็อกอิน คุณสามารถมีกิจกรรมร่วมกับเว็บไซต์ได้ แต่ต้องล็อกอินก่อน :: |
|
| สถานะ | |||||||||
| 1. | สื่อวีดิทัศน์ | VCD 000107 2552 | On Shelf ขอยืม | ||||||
| 2. | สื่อวีดิทัศน์ | VCD 000107 2552 ฉ.2 | On Shelf ขอยืม | ||||||
| 3. | สื่อวีดิทัศน์ | VCD 000107 2552 ฉ.3 | On Shelf ขอยืม | ||||||
| 4. | สื่อวีดิทัศน์ | VCD 000107 2552 ฉ.4 | On Shelf ขอยืม | ||||||
| 5. | สื่อวีดิทัศน์ | VCD 000107 2552 ฉ.5 | On Shelf ขอยืม | ||||||
| 6. | สื่อวีดิทัศน์ | VCD 000107 2552 ฉ.6 | On Shelf ขอยืม | ||||||
| 7. | สื่อวีดิทัศน์ | VCD 000107 2552 ฉ.7 | On Shelf ขอยืม | ||||||
| 8. | สื่อวีดิทัศน์ | VCD 000107 2552 ฉ.8 | On Shelf ขอยืม | ||||||
| 9. | สื่อวีดิทัศน์ | VCD 000107 2552 ฉ.9 | On Shelf ขอยืม | ||||||
| 10. | สื่อวีดิทัศน์ | VCD 000107 2552 ฉ.10 | On Shelf ขอยืม | ||||||
| 11. | สื่อวีดิทัศน์ | VCD 000107 2552 ฉ.11 | On Shelf ขอยืม | ||||||
| 12. | สื่อวีดิทัศน์ | VCD 000107 2552 ฉ.12 | On Shelf ขอยืม | ||||||
| | |||||||||
BibComment |
| คอมเมนท์ทรัพยากรรายการนี้ |
|
|